000 01394nam a2200325 i 4500
003 CO-PeBPR
005 20260423100849.0
008 260423s2024 ck a gr 000 j spa d
020 _a9786287609310
040 0 _aCO-BoRNBP
_bspa
_erda
_cCO-BoRNBP
041 0 _hspa
082 0 4 _a(i) Co863 D542ma
100 1 _aDíaz Ortiz, Gloria Cecilia
_d1951-
_eautora
245 1 0 _aMaia
_c/ Gloria Cecilia Díaz ; ilustraciones de José Rosero
250 _aEdición especial
264 1 _aBogotá, Colombia
_b: Babel
_c, 2024
300 _a[40] páginas
_b: ilustraciones a color
_c; 23 centímetros
336 _atexto
_btxt
337 _asin mediación
_bn
_2rdamedia
338 _avolumen
_bnc
_2rdacarrier
504 _aIncluye bibliografía.
520 _aLa niña la tomó en sus brazos se sentó con ella en un sillón y se puso a acariciarle el pelo mientras le hablaba de Matías. Un rato después, la madre las encontró profundamente dormidas; Maia con una sonrisa en los labios, Ioda ronroneando como solo saben hacer los gatos felices.
521 _aRecomendada para mayores de 6 años.
586 _aPremio Iberoamericano de literatura infantil y juvenil
650 1 4 _2LEMB
_aCuentos infantiles colombianos
_ySiglo XX
650 1 4 _2LEMB
_aLiteratura infantil colombiana
_ySiglo XX
650 1 4 _2LEMB
_aNiños
_vCuentos
700 1 _aRosero, José
_eilustrador
942 _2ddc
_cBKINF
999 _c17763
_d17763